COMMUNITY PUBLIC HEALTH (Record no. 864077)

MARC details
000 -LEADER
fixed length control field 00344nam a2200145Ia 4500
008 - FIXED-LENGTH DATA ELEMENTS--GENERAL INFORMATION
fixed length control field 230901s2008 xx 000 0 und d
041 ## - LANGUAGE CODE
Language code of text/sound track or separate title eng
082 ## - DEWEY DECIMAL CLASSIFICATION NUMBER
Classification number 610.7343/COW
100 ## - MAIN ENTRY--PERSONAL NAME
Personal name COWLEY
245 ## - TITLE STATEMENT
Title COMMUNITY PUBLIC HEALTH
250 ## - EDITION STATEMENT
Edition statement 2nd ed
260 ## - PUBLICATION, DISTRIBUTION, ETC.
Name of publisher, distributor, etc. BAILLIERE TINDALL ELSEVIER,UK.
Date of publication, distribution, etc. 2008
300 ## - PHYSICAL DESCRIPTION
Extent 377
650 ## - SUBJECT ADDED ENTRY--TOPICAL TERM
Topical term or geographic name entry element COMMUNITY
Holdings
Withdrawn status Lost status Damaged status Not for loan Home library Current library Date acquired Cost, normal purchase price Total Checkouts Full call number Barcode Date last seen Price effective from Koha item type
        College of Nursing, Navi Mumbai College of Nursing, Navi Mumbai 23/09/2022 1733.00   610.7343/COW NCM-N-662 01/08/2024 02/09/2023 Book